Konverzia rastlinných olejov na palivá v podmienkach fluidného katalytického krakovania

Enregistré dans:
Détails bibliographiques
Auteur principal: Oleríny, Vladimír, 1921-2016
Format: Livre
Langue:slovaque
Publié: Bratislava STU FCHPT 2012
Accès en ligne:Voir à l'OPAC
Tags: Ajouter un tag
Pas de tags, Soyez le premier à ajouter un tag!

MARC

LEADER 00000nam a2200000 a 4500
005 20260127134101.0
008 120626 2012 xo 000 0 slo d
035 |a vtls010432392 
039 9 |a 201609091019  |b AUTHORITY  |c 201609090957  |d AUTHORITY  |y 201206261015  |z mschk03 
040 |a STUSCHK1  |b slo  |c STUSCHK1  |e AACR2 
100 1 |a Oleríny, Vladimír,  |d 1921-2016  |9 23 
245 1 |a Konverzia rastlinných olejov na palivá v podmienkach fluidného katalytického krakovania  |c Vladimír Oleríny 
260 |a Bratislava  |b STU FCHPT  |c 2012 
300 |a 61 s.  |b il.  |c 30 cm 
500 |a Obháj.: 5.6. 2012 
500 |a Študijný program: chemické technológie 
500 |a Študijný odbor: 5.2.18 chemické technológie 
500 |a Diplomová práca 
500 |a FCHPT, Oddelenie technológie ropy a petrochémie 
500 |a Evidenčné číslo: 5439-50902 
910 |a SCHK95 
999 |c 3694  |d 3694